Recolección y tratamiento de aguas servidas en la ciudad de Palmares
Gardado en:
| Autor Principal: | |
|---|---|
| Formato: | Desconocido |
| Publicado: |
[San José, Costa Rica]
1977
|
| Materias: | |
| Etiquetas: |
Engadir etiqueta
Sen Etiquetas, Sexa o primeiro en etiquetar este rexistro!
|
MARC
| LEADER | 00000 a2200000 4500 | ||
|---|---|---|---|
| 003 | 000742 | ||
| 005 | 20221231143735.0 | ||
| 008 | 140114s1977 c a m 000 ||s d | ||
| 040 | |c cru CEDI | ||
| 090 | |a TFG 795 | ||
| 100 | |a Castro C, Ricardo |9 16310 | ||
| 245 | |a Recolección y tratamiento de aguas servidas en la ciudad de Palmares | ||
| 260 | |c 1977 |a [San José, Costa Rica] | ||
| 300 | |a [San José, Costa Rica] | ||
| 500 | |a Proyecto de graduación (ingeniero civil)--Universidad de Costa Rica. Facultad de Ingeniería. Escuela de Ingeniería Civil | ||
| 650 | |x SUMINISTRO DE AGUA - PALMARES (ALAJUELA, COSTA RICA) |9 16311 | ||
| 942 | |c TFG | ||
| 999 | |c 11085 |d 11085 | ||
